• 首页
  • 本馆介绍
  • 公告通知
  • 最新文献
  • 馆藏检索
  • 电子资源
  • 读者导购
  • 参考咨询
  • 我的图书馆
  • 登录
  • 详细信息显示
  • 放入我的书架
  • 预约/预借图书
  • 作者相关作品
  • 分类相关作品
  • 丛书相关作品
  • 出版社相关作品

书目信息

  • 表格格式
  • 工作单格式
  • 卡片格式
题名:
纪亚飞教孩子学礼仪
    
 
作者: 纪亚飞 著
分册:  
出版信息: 北京   中国纺织出版社  2016.09
页数: 272页
开本: 24cm
丛书名:
单 册:
中图分类: K891.26-49 , G611
科图分类:
主题词: 礼仪--儿童教育--家庭教育 , 教育--各级
电子资源:
ISBN: 978-7-5180-2752-1
000 00929nam0 2200253 450
001 0103152654
005 20201104100207.30
010    @a978-7-5180-2752-1@dCNY49.80
100    @a20181129e20192016em y0chiy50 ea
101 0  @achi
102    @aCN@b110000
105    @aa z 000yy
106    @ar
200 1  @a纪亚飞教孩子学礼仪@Aji ya fei jiao hai zi xue li yi@f纪亚飞著
210    @a北京@c中国纺织出版社@d2016.09@h2019.03
215    @a272页@c图@d24cm
330    @a本书为作者长久以来从事儿童礼仪培训工作的心得总结。全书以日常生活中方方面面的礼仪为切入点,重点介绍了儿童形象礼仪、儿童举止礼仪、儿童语言礼仪、儿童家庭礼仪和儿童公共礼仪,书中每一篇不仅讲述相关的礼仪知识,还穿插了古今中外的小故事、小常识。
606 0  @a礼仪@x儿童教育@x家庭教育
606 0  @a教育@x各级
690    @aK891.26-49@v5
690    @aG611@v4
701  0 @a纪亚飞@Aji ya fei@4著
801  0 @aCN@bBJSZM@c20201103
905    @b1256986-90@dG611@e1106@f5
    
    纪亚飞教孩子学礼仪/纪亚飞著.-北京:中国纺织出版社,2016.09(2019.03)
    272页:图;24cm
    
    
    ISBN 978-7-5180-2752-1:CNY49.80
    本书为作者长久以来从事儿童礼仪培训工作的心得总结。全书以日常生活中方方面面的礼仪为切入点,重点介绍了儿童形象礼仪、儿童举止礼仪、儿童语言礼仪、儿童家庭礼仪和儿童公共礼仪,书中每一篇不仅讲述相关的礼仪知识,还穿插了古今中外的小故事、小常识。
●
相关链接 在E读中查询图书 在五车中查询图书 在当当中查询图书 在豆瓣中查询图书


正题名:纪亚飞教孩子学礼仪     索取号:G611/1106         预约/预借

序号 登录号 条形码 馆藏地/架位号 状态 备注
1 1256986   212569861   第一样本阅览室/ [索取号:G611/1106] 在馆    
2 1256987   212569870   教育系资料室/ [索取号:G611/1106] 在馆    
3 1256988   212569889   教育系资料室/ [索取号:G611/1106] 在馆    
4 1256989   212569898   第四借阅区/ [索取号:G611/1106] 在馆    
5 1256990   212569905   第四借阅区/ [索取号:G611/1106] 在馆    
唐山师范学院图书馆 欢迎您!
大连网信软件有限公司© 版权所有